000 00715nab a2200229u 4500
001 12355
003 HDC
007 c| |||a|c|aaaa
008 210209b99999999io ||||o |||| 00| 0 may d
040 _aHDC
245 0 _aUnilever Raih Sertifikasi Halal untuk 8 Pabrik
336 _atext
_2rdacontent
337 _acomputer
_2rdamedia
338 _aonline resource
_2rdacarrier
650 _ahalal label
_9985
650 _aPT Unilever Indonesia
_912941
710 _aTempo.co
856 _zRequest full-text at [email protected]
942 _2lcc
942 _cNEWS
942 _kNWS0 001009
999 _c9678
_d9678